000 00313nam a2200145 i 4500
001 bg
100 1 _aWICHMAN, E.
245 0 _aKwantowaja fizika /
_cE. Wichman.
250 _aIzd.2.
260 _aMoskwa,
_c1977.
040 _cBPK
041 _apol
942 _cKS
008 s pl f |000 0 pol
999 _c27666
_d27666
856 _uhttp://koha.tu.koszalin.pl/cgi-bin/koha/opac-detail.pl?biblionumber=27666
_yKatalog online BPK